01354nam a22003137a 4500003000400000005001700004008004100021040002200062082001800084100003200102245004300134260004700177300001900224366000800243490001300251505008400264505017400348505001200522650004600534650005000580650004400630650004800674650004300722650005500765650004700820942002900867999001500896952012900911OSt20230503133153.0221006b |||||||| |||| 00| 0 eng d cBiblioteca Lado V a709.05bR643f 9825aRoberts, Jameseeditor aFrieze/bContemporary Art And Culture/ bDurian Publications Ltd.aInglaterrac2002 c23x30cma112p. eeng a71v2002 tColumnsaBooks Information Philosophy Places Architecture Life Television tFeaturesaPicture: Casino Royale River deep, mountain hihg Jane doe Emotional rescue Innocense and experience Successful clouds Strange fascination Model theory  tReviews 2Tesauro de Arte & ArquitecturaaARTE9703 2Tesauro de Arte & ArquitecturaaEXPOSICIONES  2Tesauro de Arte & ArquitecturaaCULTURA 2Tesauro de Arte & ArquitecturaaAPRECIACION 2Tesauro de Arte & ArquitecturaaTEORIA 2Tesauro de Arte & ArquitecturaaARTE CONTEMPORANEO 2Tesauro de Arte & ArquitecturaaINGLATERRA 2ddcc1h709.05iR643fn0 c3530d3530 00102ddc3200240708RevistasaLVbLVd2023-05-03h71i003032l0o709.05 R643fp003032r2023-05-03 00:00:00w2023-05-03y1